جدید ہندی کے سیکولر معمار / (Record no. 108853)

MARC details
000 -LEADER
fixed length control field 00779nam a22002417a 4500
005 - DATE AND TIME OF LATEST TRANSACTION
control field 20200528145852.0
010 ## - LCCN (DPL NO)
LC control number A-391743
020 ## - INTERNATIONAL STANDARD BOOK NUMBER
Terms of availability 50.00
035 ## - SYSTEM CONTROL NUMBER
System control number A-391743
037 ## - SOURCE OF ACQUISITION
Source of stock number/acquisition Cen Lib/Ret
082 ## - DEWEY DECIMAL CLASSIFICATION NUMBER
Classification number 954.0841
100 ## - MAIN ENTRY--PERSONAL NAME
Personal name مجیب اشرف
245 ## - TITLE STATEMENT
Title جدید ہندی کے سیکولر معمار /
Statement of responsibility, etc مجیب اشرف
246 ## - VARYING FORM OF TITLE
Title proper/short title Jadeed hindi ke secular maimar /
Remainder of title by Mujeeb Ashraf
260 ## - PUBLICATION, DISTRIBUTION, ETC. (IMPRINT)
Place of publication, distribution, etc نیی دہلی
Name of publisher, distributor, etc مکتبہ جامہ لمیٹڈ
Date of publication, distribution, etc 1989 ء
270 ## - ADDRESS
City نیی دہلی
Address جامہ نگر
Postal code 110025
300 ## - PHYSICAL DESCRIPTION
Extent 256p.
Dimensions 21cm(Hb)
650 ## - SUBJECT ADDED ENTRY--TOPICAL TERM
Topical term or geographic name as entry element ادب ہندی
650 ## - SUBJECT ADDED ENTRY--TOPICAL TERM
Topical term or geographic name as entry element ہندی سیکولر -- معمار
650 ## - SUBJECT ADDED ENTRY--TOPICAL TERM
Topical term or geographic name as entry element Hindi literaure
650 ## - SUBJECT ADDED ENTRY--TOPICAL TERM
Topical term or geographic name as entry element Hindi secular
942 ## - ADDED ENTRY ELEMENTS (KOHA)
Source of classification or shelving scheme Dewey Decimal Classification
Item type Urdu Bks
Classification part 954.0841
Call number suffix م ج ی
Holdings
Withdrawn status Lost status Not for loan Home library Current library Date acquired Source of acquisition Cost, normal purchase price Full call number Barcode Copy number Cost, replacement price Koha item type
      Central Library Central Library 08/02/2016 Cen Lib/Ret 50.00 954.0841 م ج ی A-391743 1 50.00 Urdu Bks

© Delhi Public Library
Hit Counter
free hit counter